Estados de la Comunidad Iberoamericana de Naciones - Estadísticas

Estadísticas generales
  • Esta prueba ha sido intentada 18 veces
  • La puntuación promedio es 24 de 25
Estadísticas de respuestas
Continente País % Correcto
Europa Andorra
100%
América Argentina
100%
Bolivia
100%
Chile
100%
Colombia
100%
Cuba
100%
El Salvador
100%
España
100%
Honduras
100%
México
100%
Nicaragua
100%
Panamá
100%
Paraguay
100%
Perú
100%
Portugal
100%
Uruguay
100%
Venezuela
100%
Brasil
94%
Costa Rica
94%
Ecuador
94%
Filipinas
94%
Guatemala
94%
República Dominicana
94%
Guinea Ecuatorial
89%
Puerto Rico
61%
No se encontraron pruebas coincidentes
Distribución de puntuación
Porcentaje de gente con cada puntuación
Porcentaje por número respondido
Historial de tus puntuaciones
No has intentado esta prueba.